LEADER 01109nam a2200265 a 4500 001 000000121605 003 CaOOAMICUS 005 20100507113513.0 008 100507s2009 xxu f 001 u eng r 020 $a978-0-19-956241-1 040 $aPUL$bita$dReb 082 04$a174.9 245 04$aThe Oxford handbook of bioethics /$cEdited by Bonnie Steinbock. 260 $aClarendon, Oxford :$bOxford University Press,$c2009. 300 $axviii, 747 p. ;$c25 cm 504 $aInclude riferimenti bibliografici ed indice. 650 4$aBioetica.$0(OLS)http://pul/subject/2868 700 1 $aSteinbock, Bonnie.$0(OLS)http://pul/name/76184 850 $aPUL 852 $aPUL$W1$xSL Filosofia 3$y81$m174. 9 STEBO 1$j139558$qDDC 21$B138773$CPULBib$Z2$F138773 $H111958 $82 941 1 $a9 996 $6020$a978-0-19-956241-1$9(OLS)http://pul/number/144093 996 $6082$a174.9$9(OLS)http://pul/classification/495 996 $6245$aThe Oxford handbook of bioethics$9(OLS)http://pul/title/153002 996 $6260$aClarendon, Oxford :$bOxford University Press$9(OLS)http://pul/publisher/81304 LEADER 01013nam a2200265 a 4500 001 000000135312 003 CaOOAMICUS 005 20130904111105.0 008 130904n gw u000 u ger r 040 $aPUL$bita 082 04$a270.6 100 1 $aDroysen, Gustav,$d1838-1908.$0(OLS)http://pul/name/87182 245 10$aGeschichte der Gegenreformation /$cGustav Droysen. 246 38$aGegenreformation 260 $aStuttgart :$bMagnus,$c[s.d.] 300 $a437 p. ;$c22 cm 650 4$aControriforma$xStoria.$0(OLS)http://pul/subject/4672 850 $aPUL 852 $aPUL$W1$xSL Religione 3$y85$m270. 6 DROGU 1$j155913$qDDC 21$B155333$CPULBib$Z2$F155333 $H116084 $82 941 1 $a9 996 $6082$a270.6$9(OLS)http://pul/classification/130 996 $6246$aGegenreformation$9(OLS)http://pul/title/171105 996 $6245$aGeschichte der Gegenreformation$9(OLS)http://pul/title/171104 996 $6260$aStuttgart :$bMagnus$9(OLS)http://pul/publisher/82457